Pokémon - Les attaques de Minisange - Statistiques

Statistiques générales
  • Ce quiz a été pris 14 fois
  • Le résultat moyen est 7 sur 11
Statistiques - réponses
Niveaux Types Noms des attaques % Correct
Départ Vol Picpic
100%
Départ Normal Groz'Yeux
89%
Niveau 16 Vol Picore
89%
Niveau 28 Vol Bec Vrille
78%
Niveau 36 Vol Rapace
78%
Niveau 8 Ténèbres Aiguisage
67%
Niveau 4 Ténèbres Arrogance
67%
Niveau 20 Ténèbres Provoc
56%
Niveau 12 Normal Furie
44%
Niveau 24 Normal Grimace
33%
Niveau 32 Normal Vantardise
33%
Aucun quiz correspondant
Distribution des résultats
% des personnes avec chaque résultat
Percentile par nombre de réponses
Votre historique - résultats
Vous n’avez pas pris ce quiz